Laddar...

Hand book of veterinary neurology

Bibliografiska uppgifter
Huvudupphovsman: Michael D Lorenz
Övriga upphovsmän: Joan R Coates Marc Kent
Språk:English
Publicerad: Missouri Elsevier 2011
Upplaga:Fifth
LEADER 00552nam a22001697a 4500
008 150422b xxu||||| |||| 00| 0 eng d
020 |a 9781437706512 
082 |a 636.08968  |b LOR/HA 
100 |a Michael D Lorenz 
245 |a Hand book of veterinary neurology  
250 |a Fifth  
260 |a Missouri  |b Elsevier  |c 2011 
300 |a 545p. 
700 |a Joan R Coates  |a Marc Kent 
942 |2 ddc  |c BB 
999 |c 21301  |d 21301 
952 |0 0  |1 0  |2 ddc  |4 0  |6 636_089680000000000_LORHA  |7 0  |9 21035  |a COVAS  |b COVAS  |d 2015-04-22  |o 636.08968 LOR/HA  |p BB812  |r 2015-04-22  |w 2015-04-22  |y BB